000 01214nam a22002657a 4500
005 20170124103200.0
010 _aA-443948
020 _c25.00
035 _aA-443948
037 _bCen Lib/Ret
040 _aDPL
_bHN
082 _a240
_bमहाप्र
100 _aमहाप्रजना, युवाचार्य
_945
245 _aजैनधर्म :
_cयुवाचार्य महाप्रजना ; सम्पादक मुनि धनंजय
_bअर्हत और अर्हताएं /
246 _aJain dharm : arhat aur arhataen /
_bby Yuvacharya Mahaprajna ; sampadak Muni Dhananjay
260 _bजैन विश्व भारती
_aराजस्थान
_c1990
270 _aलाडनू, नागौर
_bराजस्थान
300 _a291पृ.
_c20सेमी(सजिल्द)
650 _aजैन धर्म काल
_978661
650 _aजैन धर्म -- भगवान महावीर
_991600
650 _aJainism time
_991601
650 _aJainism - Lord Mahavira
_991602
700 _aमुनि धनंजय
_991603
942 _2ddc
_cHN
_h240
_mमहाप्र
999 _c120619
_d120619